ANCIENT and medieval Indian thought : themes and traditions
Uloženo v:
| Médium: | Kniha |
|---|---|
| Jazyk: | angličtina |
| Vydáno: |
Sage Publications
2020
|
| Tagy: |
Přidat tag
Žádné tagy, Buďte první, kdo vytvoří štítek k tomuto záznamu!
|
MARC
| LEADER | 00000nam a22000007a 4500 | ||
|---|---|---|---|
| 008 | 240416b |||||||| |||| 00| 0 eng d | ||
| 020 | |a 9789353882310 | ||
| 245 | |a ANCIENT and medieval Indian thought |b : themes and traditions |c Ankit Tomar and Suratha Kumar Malik |g xliii,264p. | ||
| 250 | |c TOMAR, Ankit. MALIK, Kumar Suratha. | ||
| 260 | |b Sage Publications |c 2020 |h New Delhi |i 701707 |i 701708 |l B131. An2 |m Philosophy - India | ||
| 500 | |a It includes index and references | ||
| 942 | |a lcc |c BK |e Adeyemo O.O |f 16/04/2024 | ||
| 952 | |0 0 |1 0 |2 lcc |4 0 |6 B0131 A N2 |7 0 |9 5050 |a ART |b HOL |c AF |d 2024-04-16 |l 0 |o B131. An2 |p 2024-0300 |r 2024-04-16 00:00:00 |t 701707 |w 2024-04-16 |y BK | ||
| 952 | |0 0 |1 0 |2 lcc |4 0 |6 B0131 A N2 |7 0 |9 5051 |a HOL |b HOL |c AF |d 2024-04-16 |l 0 |o B131. An2 |p 2024-0301 |r 2024-04-16 00:00:00 |t 701708 |w 2024-04-16 |y BK | ||
| 999 | |c 2508 |d 2508 | ||